Nepal and the world : a statistical profile 1997.
| Format: | Book |
|---|---|
| Published: |
Kathmandu:
Federation of Nepalese Chambers of Commerce and Industry,
1997.
|
| Subjects: |
| LEADER | 00481cam a2200157 7i4500 | ||
|---|---|---|---|
| 001 | 0000005961 | ||
| 005 | 19991025090000.0 | ||
| 002 | ##000007612 | ||
| 020 | 0 | 0 | |a T000005914 |
| 090 | 0 | 0 | |a STAT 310.9 |
| 245 | 0 | 0 | |a Nepal and the world : |b a statistical profile 1997. |
| 260 | 0 | 0 | |a Kathmandu: |b Federation of Nepalese Chambers of Commerce and Industry, |c 1997. |
| 300 | 0 | 0 | |a 178 p.. |
| 650 | 0 | 0 | |a Nepal -- |x Statistics |
| 651 | 0 | 0 | |a Nepal |
| 999 | |a 0000008936 |b Book |c Open shelf |e Business Information Centre | ||